Egyptian Museum.

Saved in:

Corporate Author: Matḥaf al-Miṣrī.

Format: Book

Language: English

Published: [Cairo : Egyptian State Tourist Dept., 1949]

Subjects:

Tags: Add Tag

No Tags, Be the first to tag this record!

Call Number: DT59 .C243 E35 1949

LEADER 00613namaa2200229 4500
001 3155
003 OSt
005 20260510151940.0
008 130303s1949 ua a 000 0 eng d
040 |c ARCE Library 
043 |a f-ua--- 
050 4 |a DT59 .C243 E35 1949 
245 0 0 |a Egyptian Museum. 
264 1 |a [Cairo :   |b Egyptian State Tourist Dept.,   |c 1949] 
300 |a 86 pages :   |b illustrations ;   |c 20 cm. 
610 2 0 |a Matḥaf al-Miṣrī   |v catalogs. 
651 0 |a Cairo  |x Museums. 
651 0 |a Egypt  |x Antiquities. 
710 2 |a Matḥaf al-Miṣrī. 
901 |a reviewed 
942 |c BK  |2 lcc 
999 |c 8261  |d 8261